000 01365nam a22002057a 4500
999 _c59925
_d59925
003 Ge_BSU
005 20230517170424.0
008 230517s2022 ge ||||| |||| 00| 0 geo d
020 _a9789941488450
041 _ageo
080 _a821.353.1-84+811.353.1(060.55) ნ-90
100 _aნოღაიდელი, ნანული
_95107
245 _aხატოვანი სიტყვა - თქმები აჭარულში /
_cნანული ნოღაიდელი, ელზა ფუტკარაძე; რედაქტორი შუშანა ფუტკარაძე; ბათუმის შოთა რუსთაველის სახელმწიფო უნივერსიტეტი. ნიკო ბერძენიშვილის ინსტიტუტი.
264 _aბათუმი :
_bბსუ,
_c2022.
300 _a163 გვ.;
_b20 სმ.
700 _aფუტკარაძე, ელზა
_eავტორი
_96825
700 _aფუტკარაძე, შუშანა
_eრედაქტორი
_91978
710 _aბათუმის შოთა რუსთაველის სახელმწიფო უნივერსიტეტი
_bნიკო ბერძენიშვილის ინსტიტუტი
_918086
942 _2udc
_cBK